| 000 | 00365pab a2200157 454500 | ||
|---|---|---|---|
| 008 | 180718b2002 xxu||||| |||| 00| 0 eng d | ||
| 100 | _aRam Lal | ||
| 245 | _aE-governance: an emerging paradigm | ||
| 260 | _c2002 | ||
| 300 | _ap.99-109. | ||
| 362 | _aJul-Dec | ||
| 650 | _aElectronic governance | ||
| 700 | _aHaleem, Abid | ||
| 773 | _aVision | ||
| 909 | _a56086 | ||
| 999 |
_c56086 _d56086 |
||